[Event "Mosty u Jablunkova op 20th"]
[Site "Mosty u Jablunkova"]
[Date "2023.05.27"]
[Round "1"]
[White "Plat, Vojtech"]
[Black "Krampol, Vladimir"]
[Result "1-0"]
[WhiteElo "2558"]
[BlackElo "1645"]
[PlyCount "41"]
[EventDate "2023.05.27"]
[EventType "swiss (rapid)"]
[EventRounds "9"]
[EventCountry "CZE"]
[SourceTitle "EXT 2024"]
[Source "ChessBase"]
[SourceDate "2023.10.10"]
[SourceVersion "1"]
[SourceVersionDate "2023.10.10"]
[SourceQuality "1"]

1. e4 c5 2. Nf3 Nc6 3. c3 g6 4. d4 cxd4 5. cxd4 d5 6. exd5 Qxd5 7. Nc3 Qa5 8. d5 Nb8 9. Bb5+ Bd7 10. Bxd7+ Nxd7 11. 0-0 Bg7 12. Re1 Ngf6 13. Bg5 Rd8 14. Qb3 0-0 15. Rxe7 Nc5 16. Qc4 Na6 17. Rxb7 Nxd5 18. Bxd8 Rxd8 19. Nxd5 Rxd5 20. Rxa7 Rd6 21. Qxf7+ 1-0

[Event "Karvina op"]
[Site "Karvina"]
[Date "2017.07.09"]
[Round "9"]
[White "Panek, Bartosz"]
[Black "Krampol, Vladimir"]
[Result "1-0"]
[WhiteElo "1663"]
[BlackElo "1773"]
[PlyCount "37"]
[EventDate "2017.07.01"]
[EventType "swiss"]
[EventRounds "9"]
[EventCountry "CZE"]
[SourceTitle "EXT 2018"]
[Source "ChessBase"]
[SourceDate "2017.10.13"]
[SourceVersion "1"]
[SourceVersionDate "2017.10.13"]
[SourceQuality "1"]

1. e4 c5 2. c3 d5 3. exd5 Qxd5 4. d4 cxd4 5. cxd4 Nc6 6. Nf3 Bg4 7. Be2 Rd8 8. Nc3 Qa5 9. Be3 Nf6 10. 0-0 e5 11. Qb3 Bxf3 12. Bxf3 Nxd4 13. Bxd4 exd4 14. Qxb7 Bc5 15. Rfe1+ Kf8 16. Nd5 Ne8 17. b4 Bxb4 18. Nxb4 g6 19. Nc6 1-0

[Event "Orlova op 14th"]
[Site "Orlova"]
[Date "2017.05.28"]
[Round "9"]
[White "Krampol, Vladimir"]
[Black "Trisic, Petar"]
[Result "1-0"]
[WhiteElo "1804"]
[BlackElo "1597"]
[PlyCount "99"]
[EventDate "2017.05.20"]
[EventType "swiss"]
[EventRounds "9"]
[EventCountry "CZE"]
[SourceTitle "CBM 178 Extra"]
[Source "ChessBase"]
[SourceDate "2017.06.22"]
[SourceVersion "1"]
[SourceVersionDate "2017.06.22"]
[SourceQuality "1"]

1. Nf3 Nf6 2. c4 g6 3. Nc3 Bg7 4. d4 0-0 5. g3 d6 6. Bg2 Nbd7 7. 0-0 c6 8. Qc2 Qc7 9. b3 e5 10. e3 Nb6 11. Bb2 Re8 12. Rfe1 Bf5 13. e4 Bg4 14. d5 a6 15. Rac1 Bh6 16. Rcd1 c5 17. Bc1 Bg7 18. h3 Bxf3 19. Bxf3 Nbd7 20. g4 h6 21. Bg2 g5 22. Ne2 Nf8 23. Ng3 Ng6 24. Nf5 Qd8 25. f3 Nf4 26. Qc3 Nh7 27. b4 b6 28. bxc5 bxc5 29. Bxf4 gxf4 30. Rb1 Ra7 31. Rb3 Qc7 32. Reb1 Bf8 33. Rb6 Rc8 34. Rc6 Qd8 35. Rxc8 Qxc8 36. Rb6 Qc7 37. Qb3 Nf6 38. Rc6 Qa5 39. Qb8 Rd7 40. Nxh6+ Kg7 41. Nf5+ Kg8 42. Qb3 Qe1+ 43. Kh2 Rd8 44. Qb6 Rd7 45. Rc8 Nh7 46. Qc6 Ra7 47. Qxd6 Qc3 48. g5 Rb7 49. Qh6 f6 50. g6 1-0

[Event "Orlova op 14th"]
[Site "Orlova"]
[Date "2017.05.25"]
[Round "6"]
[White "Krampol, Vladimir"]
[Black "Kolar, Stanislav"]
[Result "0-1"]
[WhiteElo "1804"]
[BlackElo "2108"]
[PlyCount "90"]
[EventDate "2017.05.20"]
[EventType "swiss"]
[EventRounds "9"]
[EventCountry "CZE"]
[SourceTitle "CBM 178 Extra"]
[Source "ChessBase"]
[SourceDate "2017.06.22"]
[SourceVersion "1"]
[SourceVersionDate "2017.06.22"]
[SourceQuality "1"]

1. Nf3 Nc6 2. c4 e5 3. Nc3 Nf6 4. g3 Bc5 5. Bg2 d6 6. d3 h6 7. 0-0 0-0 8. Na4 Bb6 9. Nxb6 axb6 10. a3 Bf5 11. b4 Nxb4 12. Nh4 Bc8 13. Bxh6 Nc6 14. Bg5 Nd4 15. e3 Ne6 16. Bxf6 Qxf6 17. Bd5 Ng5 18. f4 exf4 19. Bg2 f3 20. Nxf3 Bg4 21. Ra2 Ra5 22. Qa1 Qxa1 23. Raxa1 Nxf3+ 24. Bxf3 Bxf3 25. Rxf3 Rfa8 26. Rd1 Rxa3 27. Kg2 Ra2+ 28. Kh3 Re2 29. d4 Raa2 30. c5 Rxh2+ 31. Kg4 bxc5 32. dxc5 Ra4+ 33. Kg5 Ra5 34. Rf4 Rxc5+ 35. Kg4 Rhc2 36. Ra1 g6 37. Raf1 R2c4 38. e4 Rxe4 39. Rxe4 f5+ 40. Kg5 fxe4+ 41. Kxg6 Re5 42. Kf6 e3 43. Rf4 e2 44. Rg4+ Kf8 45. Rh4 Ke8 0-1

[Event "Karvina op"]
[Site "Karvina"]
[Date "2016.07.03"]
[Round "2"]
[White "Stetz, Jan"]
[Black "Krampol, Vladimir"]
[Result "0-1"]
[WhiteElo "1596"]
[BlackElo "1809"]
[PlyCount "84"]
[EventDate "2016.07.02"]
[EventType "swiss"]
[EventRounds "9"]
[EventCountry "CZE"]
[SourceTitle "EXT 2017"]
[Source "ChessBase"]
[SourceDate "2016.10.25"]
[SourceVersion "1"]
[SourceVersionDate "2016.10.25"]
[SourceQuality "1"]

1. d4 c5 2. e3 cxd4 3. exd4 g6 4. Nf3 Bg7 5. Be2 Nf6 6. 0-0 0-0 7. c4 d5 8. Nc3 Nc6 9. h3 Be6 10. Be3 dxc4 11. Ng5 Bd5 12. Nxd5 Nxd5 13. Bxc4 Nb6 14. Qb3 Nxc4 15. Qxc4 Nxd4 16. Rfd1 e5 17. Rac1 Rc8 18. Qf1 h6 19. Ne4 Qa5 20. Rxc8 Rxc8 21. Nc3 b5 22. Bxd4 exd4 23. Nxb5 Qxa2 24. Qe2 Qa4 25. Nd6 Rb8 26. Nc4 Re8 27. Qd3 Qb4 28. g3 h5 29. b3 f5 30. Kg2 Rb8 31. Rb1 a5 32. Ra1 Qc3 33. Qxc3 dxc3 34. Rb1 Rxb3 35. Re1 a4 36. Ne3 a3 37. Nc2 a2 38. Rd1 Rb1 39. Rd8+ Kh7 40. Ra8 Rb2 41. Na1 Bd4 42. Rc8 Rxf2+ 0-1

[Event "Karvina op"]
[Site "Karvina"]
[Date "2015.06.29"]
[Round "3"]
[White "Krampol, Vladimir"]
[Black "Olsar, Jaroslav"]
[Result "0-1"]
[WhiteElo "1849"]
[BlackElo "2263"]
[PlyCount "98"]
[EventDate "2015.06.27"]
[EventType "swiss"]
[EventRounds "9"]
[EventCountry "CZE"]
[SourceTitle "CBM 167 Extra"]
[Source "ChessBase"]
[SourceDate "2015.09.14"]
[SourceVersion "1"]
[SourceVersionDate "2015.09.14"]
[SourceQuality "1"]

1. Nf3 d5 2. c4 d4 3. g3 c5 4. Bg2 Nc6 5. 0-0 e5 6. d3 Nf6 7. Bg5 h6 8. Bd2 Bd6 9. Na3 0-0 10. Nc2 Re8 11. e3 Bg4 12. e4 Qd7 13. Qc1 Nh7 14. Kh1 f5 15. Ng1 fxe4 16. Bxe4 Nf6 17. Bg2 Bf5 18. Ne1 Qf7 19. f3 Qg6 20. Qc2 Bc7 21. g4 Be6 22. a3 a5 23. Nh3 a4 24. Nf2 Ba5 25. Bxa5 Nxa5 26. h3 Nb3 27. Rd1 Re7 28. Qe2 Bd7 29. Ne4 Rf8 30. f4 exf4 31. Rxf4 Bc6 32. Qf2 Ref7 33. Nxf6+ Rxf6 34. Rxf6 Rxf6 35. Qg3 h5 36. Nf3 hxg4 37. hxg4 Qh6+ 38. Nh4 g5 39. Bxc6 bxc6 40. Re1 Rf4 41. Kg2 Qxh4 42. Qxh4 gxh4 43. Kh3 Rf3+ 44. Kxh4 Rxd3 45. Kh5 Re3 46. Rf1 d3 47. Rf6 d2 48. Rd6 Nd4 49. Kg6 Re6+ 0-1

[Event "Karvina op"]
[Site "Karvina"]
[Date "2014.06.29"]
[Round "2"]
[White "Krampol, Vladimir"]
[Black "Lys, Josef"]
[Result "0-1"]
[WhiteElo "1878"]
[BlackElo "2206"]
[PlyCount "80"]
[EventDate "2014.06.28"]
[EventType "swiss"]
[EventRounds "9"]
[EventCountry "CZE"]
[SourceTitle "CBM 161 Extra"]
[Source "ChessBase"]
[SourceDate "2014.08.29"]
[SourceVersion "1"]
[SourceVersionDate "2014.08.29"]
[SourceQuality "1"]

1. Nf3 d5 2. c4 c6 3. g3 Nf6 4. d4 dxc4 5. Bg2 Nbd7 6. Qc2 Nb6 7. a4 a5 8. Na3 Qd5 9. Nh4 Qxd4 10. Be3 Qd8 11. Rd1 Qc7 12. Nxc4 Nxc4 13. Qxc4 g6 14. Nf3 Be6 15. Qc3 Bg7 16. Ng5 Bd7 17. Bf4 Qb6 18. Rxd7 Kxd7 19. 0-0 Ke8 20. Qc4 Rf8 21. Be5 h6 22. Nh7 Rh8 23. Nxf6+ Bxf6 24. Qe4 Kf8 25. Rc1 Kg7 26. Bf1 Rhd8 27. e3 Rd5 28. Bxf6+ exf6 29. Bc4 Re5 30. Qc2 Rd8 31. b3 Qb4 32. Qe2 b5 33. axb5 cxb5 34. Bd3 Qxb3 35. Bxg6 Kxg6 36. Qg4+ Rg5 37. Qe4+ Kg7 38. h4 Rd1+ 39. Kh2 Rxc1 40. hxg5 hxg5 0-1

[Event "Orlova op-A 11th"]
[Site "Orlova"]
[Date "2014.05.29"]
[Round "4"]
[White "Sebesta, Jan"]
[Black "Krampol, Vladimir"]
[Result "0-1"]
[WhiteElo "1388"]
[BlackElo "1902"]
[PlyCount "54"]
[EventDate "2014.05.26"]
[EventType "swiss"]
[EventRounds "9"]
[EventCountry "CZE"]
[SourceTitle "CBM 160 Extra"]
[Source "ChessBase"]
[SourceDate "2014.07.01"]
[SourceVersion "1"]
[SourceVersionDate "2014.07.01"]
[SourceQuality "1"]

1. e4 c5 2. c3 g6 3. d4 cxd4 4. cxd4 Bg7 5. e5 e6 6. Nc3 Nc6 7. Nf3 a6 8. a4 Nge7 9. Bg5 Qb6 10. Rb1 Nf5 11. Be3 0-0 12. Be2 f6 13. d5 Nxe3 14. fxe3 Nxe5 15. Nxe5 fxe5 16. dxe6 Qxe3 17. e7 Qf2+ 18. Kd2 Qd4+ 19. Ke1 Qh4+ 20. g3 Qxe7 21. Qb3+ Kh8 22. Nd5 Qc5 23. Rf1 b6 24. Rxf8+ Bxf8 25. Kd2 Bb7 26. Nxb6 Bh6+ 27. Ke1 Qa5+ 0-1

[Event "Orlova op-A 11th"]
[Site "Orlova"]
[Date "2014.05.26"]
[Round "1"]
[White "Szotkowski, David"]
[Black "Krampol, Vladimir"]
[Result "0-1"]
[WhiteElo "1300"]
[BlackElo "1902"]
[PlyCount "82"]
[EventDate "2014.05.26"]
[EventType "swiss"]
[EventRounds "9"]
[EventCountry "CZE"]
[SourceTitle "CBM 160 Extra"]
[Source "ChessBase"]
[SourceDate "2014.07.01"]
[SourceVersion "1"]
[SourceVersionDate "2014.07.01"]
[SourceQuality "1"]

1. e4 c5 2. Nc3 Nc6 3. f4 g6 4. Nf3 Bg7 5. Bb5 Nd4 6. d3 Qa5 7. Bc4 b5 8. Bb3 Nxf3+ 9. gxf3 Bxc3+ 10. bxc3 Qxc3+ 11. Bd2 Qd4 12. Ke2 c4 13. Bc3 Qd6 14. dxc4 Qxd1+ 15. Rhxd1 Ba6 16. cxb5 Bxb5+ 17. Kf2 a5 18. Rab1 Bc6 19. Bd4 f6 20. Bc4 e6 21. Re1 Kf7 22. f5 Ne7 23. fxe6+ dxe6 24. Rb6 Rac8 25. e5 f5 26. Bc5 Nd5 27. Ba6 Nxb6 28. Bxb6 Rb8 29. Bc7 Rb2 30. Re2 Rxa2 31. Bc4 Ra3 32. Bb3 a4 33. Bd6 Ra1 34. Bc4 a3 35. c3 Ra8 36. Ba2 Rd1 37. Ke3 Ra6 38. Bb3 f4+ 39. Kf2 a2 40. Bxa2 Rd3 41. Bb3 Ra1 0-1